000 00750nam a2200229 a 4500
001 BRCA_332
005 20190320202949.0
008 850103s1985 enkaf b 001 0 eng
020 _a1871569400
040 _aDLC
_cDLC
_dDLC
050 4 _aNK4399.L9
_b.C34 1991
100 1 _aCaiger-Smith, Alan
_91104
245 1 0 _aLustre Pottery
_bTechnique, tradition, and innovation in Islam and the Western World
_cAlan Caiger-Smith
260 _aGran Bretaña
_bThe Herbert
_c1991
300 _a246 p., [24] p. de láminas
_bil. (algunas a color)
_c26 cm.
500 _aIncluye índice
500 _aDonación Consejo Británico
504 _aBibliografía: p. 237-241.
650 1 4 _aLoza barnizada islámica
_xHistoria
_91105
902 _aDCB
942 _2lcc
_cB
999 _c269
_d269